Online
Catalog

La charca / (Record no. 6206)

MARC details
000 -CABECERA
campo de control de longitud fija 00722cam a2200193 a 4500
001 - NÚMERO DE CONTROL
campo de control 000006411
005 - FECHA Y HORA DE LA ÚLTIMA TRANSACCIÓN
campo de control 20200929153928.0
008 - DATOS DE LONGITUD FIJA--INFORMACIÓN GENERAL
campo de control de longitud fija 880701s1987 pr b 000 0 spa
040 ## - FUENTE DE LA CATALOGACIÓN
Centro catalogador/agencia de origen DO-SdBNP
Lengua de catalogación spa
Centro/agencia transcriptor BNPHU
082 ## - NÚMERO DE LA CLASIFICACIÓN DECIMAL DEWEY
Número de clasificación PR863.44
Número de documento/Ítem Z55c
100 1# - ENTRADA PRINCIPAL--NOMBRE DE PERSONA
Nombre de persona Zeno Gandia, Manuel,
Fechas asociadas al nombre 1855-1930.
9 (RLIN) 17818
245 13 - MENCIÓN DE TÍTULO
Título La charca /
Mención de responsabilidad, etc. Manuel Zeno Gandia ; introducción y notas aclaratorias, Carmen Irene Marxuach.
260 ## - PUBLICACIÓN, DISTRIBUCIÓN, ETC.
Lugar de publicación, distribución, etc. San Juan, Puerto Rico :
Nombre del editor, distribuidor, etc. Centro de Estudios Avanzados de Puerto Rico y el Caribe,
Fecha de publicación, distribución, etc. 1987.
300 ## - DESCRIPCIÓN FÍSICA
Extensión 294 p. ;
Dimensiones 23 cm.
504 ## - NOTA DE BIBLIOGRAFÍA, ETC.
Nota de bibliografía, etc. Bibliografía: p. [287]-290.
650 #4 - PUNTO DE ACCESO ADICIONAL DE MATERIA--TÉRMINO DE MATERIA
Término de materia o nombre geográfico como elemento de entrada Novela puertorriqueña
9 (RLIN) 1185
650 #4 - PUNTO DE ACCESO ADICIONAL DE MATERIA--TÉRMINO DE MATERIA
Término de materia o nombre geográfico como elemento de entrada Literatura puertorriqueña
9 (RLIN) 250
700 1# - PUNTO DE ACCESO ADICIONAL--NOMBRE DE PERSONA
Nombre de persona Marxuach, Carmen Irene,
Término indicativo de función/relación introd.
9 (RLIN) 17819
Holdings
Estado de retiro Estado de pérdida Restricciones de uso No para préstamo Código de colección Localización permanente Ubicación/localización actual Ubicación en estantería Fecha de adquisición Número de inventario Total de préstamos Signatura topográfica completa Código de barras Fecha visto por última vez Precio válido a partir de Tipo de ítem Koha Número de copia
      Excluido de préstamo Monografías: Libros y Folletos General General Depósito 28.08.2009 LF1   PR863.44 Z55c 6411-10 25.06.2020 25.06.2020 No se presta  
  Extraviado   Excluido de préstamo Monografías: Libros y Folletos General General Extraviado 10.04.2017 LF1   PR863.44 Z55c 6411-20 25.06.2020 25.06.2020 No se presta e. 2

Powered by Koha